| 000 | 01847nam a22004577a 4500 | ||
|---|---|---|---|
| 003 | CHAP | ||
| 005 | 20220817044105.0 | ||
| 008 | 060330d2004 mx abd r 00110 spa d | ||
| 010 | _a91969 | ||
| 011 | _a92941 | ||
| 035 | _a103508 | ||
| 040 | _cCHAP | ||
| 090 | _aFolleto 16472 | ||
| 100 | 0 | 0 |
_aVera Castillo, Gil _e, ed. _9118763 |
| 245 | 1 | 0 |
_aUso y conservación de recursos genéticos forestales _c/ed. por Gil Vera Castillo, J. Jesús Vargas Hernández y Jesús Dorantes López |
| 260 |
_aZapopan, Jal. : _bComisión Nacional Forestal, _c2004 |
||
| 300 |
_a91 p. : _bilus. ; gráfs. ; mapas ; cuadros |
||
| 590 |
_aBATCH-UPD _b10 _c20130110 _lUCH01 _h0036 |
||
| 590 |
_aBATCH-UPD _b10 _c20130110 _lUCH01 _h0635 |
||
| 590 |
_aBATCH-UPD _b10 _c20130110 _lUCH01 _h2335 |
||
| 590 |
_aBATCH-UPD _b10 _c20130409 _lUCH01 _h2020 |
||
| 590 |
_aBATCH-UPD _b10 _c20130410 _lUCH01 _h0319 |
||
| 590 |
_aBATCH-UPD _b10 _c20130914 _lUCH01 _h0723 |
||
| 590 |
_aCONVERSION _b10 _c20130109 _lUCH01 _h1351 |
||
| 650 | 1 | 4 |
_aBosques _xPreservación. |
| 650 | 1 | 4 |
_aBosques _xUtilización. _914405 |
| 650 | 1 | 4 |
_aGenética forestal. _947489 |
| 650 | 1 | 4 |
_aRecursos forestales _xConservación. _995044 |
| 650 | 1 | 4 |
_aRecursos forestales _xUtilización. _995069 |
| 650 | 1 | 4 |
_aRecursos genéticos _xConservación. _995081 |
| 700 | 0 |
_aVargas Hernández, J. Jesús _e, ed. _9118023 |
|
| 700 | 1 |
_aDorantes López, Jesús _e, ed. _934001 |
|
| 901 | _aBK | ||
| 905 | _aMarco A. Mendoza T. | ||
| 942 | _cFOLL | ||
| 949 |
_aFolleto 16472 _bBC _cBPA _d33724000986147 _eBPA _fc.5 _i103508 _st |
||
| 949 |
_aFolleto 16472 _bBC _cFOLL _d00000001035081 _eTS1 _i103508 _sb |
||
| 949 |
_aFolleto 16472 _bBC _cFOLL _d33724000986204 _eTS2 _fc.4 _i103508 _sb |
||
| 949 |
_aFolleto 16472 _bBC _cFOLL _d33724000986261 _eTS2 _fc.3 _i103508 _sb |
||
| 949 |
_aFolleto 16472 _bBC _cFOLL _d33724000986378 _eTS2 _fc.2 _i103508 _sb |
||
| 999 |
_c91969 _d91969 |
||